TH-BS-Detection of HPV serotype 16 in Pakistani oropharengeal squamous cell carcinoma patients (Record no. 17184)
[ view plain ]
| 000 -LEADER | |
|---|---|
| fixed length control field | 00355nam a22001097a 4500 |
| 007 - PHYSICAL DESCRIPTION FIXED FIELD--GENERAL INFORMATION | |
| fixed length control field | Thesis |
| 008 - FIXED-LENGTH DATA ELEMENTS--GENERAL INFORMATION | |
| fixed length control field | 141020t xxu||||| |||| 00| 0 eng d |
| 100 ## - MAIN ENTRY--PERSONAL NAME | |
| Personal name | Feroze alam-sup-Dr. Najam us sahar sadaf zaidi. |
| 9 (RLIN) | 940 |
| 245 ## - TITLE STATEMENT | |
| Title | TH-BS-Detection of HPV serotype 16 in Pakistani oropharengeal squamous cell carcinoma patients |
| Medium | Thesis |
| 300 ## - PHYSICAL DESCRIPTION | |
| Extent | 88 |
| 942 ## - ADDED ENTRY ELEMENTS (KOHA) | |
| Source of classification or shelving scheme | |
| Koha item type | Continuing Resources |
| Withdrawn status | Lost status | Source of classification or shelving scheme | Damaged status | Use restrictions | Not for loan | Permanent Location | Current Location | Date acquired | Total Checkouts | Full call number | Barcode | Date last seen | Date last checked out | Price effective from | Koha item type |
|---|---|---|---|---|---|---|---|---|---|---|---|---|---|---|---|
| Restricted Access | Atta-ur-Rahman School of Applied Biosciences (ASAB) | Atta-ur-Rahman School of Applied Biosciences (ASAB) | 10/20/2014 | 1 | Thesis Feroze Alam | ASABBS4-13 | 02/22/2017 | 10/21/2014 | 10/20/2014 | Thesis |
